|
|
|
|
| LEADER |
00000cam a2200000 i 4500 |
| 003 |
Ucuenca |
| 005 |
20231212062601.0 |
| 006 |
a||||fr|||| 001 || |
| 007 |
ta |
| 008 |
010050s1989 ec aaaafr|||| 001|||spa|a |
| 040 |
|
|
|b spa
|a UCuenca-cdrjbv
|c UCuenca
|e rda
|
| 041 |
0 |
|
|a spa
|
| 082 |
0 |
|
|a 540
|2 22
|c 1446
|
| 100 |
1 |
|
|a Armendaris Gavilanes, Gerardo.
|9 73366
|e autor
|
| 245 |
1 |
0 |
|a Química orgánica moderna:
|b texto para sexto curso químico-biológico, quinto y sexto curso físico-matemáticas /
|c Gerardo Armendaris Gavilanes.
|
| 264 |
|
1 |
|a Quito:
|b Ediciones Científico-Pedagógicas Armendaris,
|c 1989.
|
| 300 |
|
|
|a 342 páginas:
|b gra
|c 22 cm
|
| 336 |
|
|
|2 rdacontent
|a texto
|b txt
|
| 337 |
|
|
|2 rdamedia
|a no mediado
|b n
|
| 338 |
|
|
|2 rdacarrier
|a volumen
|b nc
|
| 505 |
1 |
|
|a Química Orgánica -- El Carbono: Sus enlaces -- Hidrocarburos -- El Benceno -- El Petróleo -- Compuestos Oxigenados -- Alcoholes -- Fenoles -- Adehidos -- Cetonas -- Ácidos Carboxilos Esteres -- Etere --, Epoxidos -- Grasas -- Aceites. Halogenuros de Ácido -- Anhídridos Orgánicos -- Compuestos Nitrogenados -- Aminas -- Amidas -- Nitrilos -- Isonitrilos -- Halogenuros de Alquilo -- Compuestos Organo-metálicos Isomería -- Hidratos de Carbono -- Amino Ácidos -- Proteínas -- Ácidos Nucleicos -- Enzimas -- Coenzimas -- Hormonas -- Vitaminas -- Las Drogas.
|
| 650 |
1 |
0 |
|a Química orgánica
|9 12767
|
| 650 |
1 |
0 |
|a Química inorgánica
|9 12778
|
| 650 |
1 |
7 |
|a Bioquímica
|9 12766
|2 UCuenca-cdrjbv
|
| 852 |
|
|
|a UC-YANUNCAY
|c est_abierta
|f Donación
|k jterreros
|l 1
|m General
|p 1999-12-22
|q 1.00
|r 2
|t 250858
|b 0
|d CDRY
|e CDRY
|g 540
|z 2010-00-50
|
| 942 |
|
|
|c BK
|z esthela.durán@ucuenca.edu.ec
|2 ddc
|r rocío.campoverde@ucuenca.edu.ec
|
| 999 |
|
|
|c 151516
|d 151516
|